000 00314nam a2200145Ia 4500
003 OSt
008 191201s2019 xx 000 0 und d
082 _a174.4
_bFEB
100 _aFERRELL, O C
245 0 _aBusiness Ethics
260 _bCengage Learning
_c2019
300 _a514
650 _aMBA
942 _2ddc
_cBK
999 _c6921
_d6921